Mathematical economics

Salvato in:
Dettagli Bibliografici
Natura: Periodico
Lingua:inglese
Pubblicazione: Wroclaw Department of Mathematics of Wroclaw University of Economics 2016
Soggetti:
Tags: Aggiungi Tag
Nessun Tag, puoi essere il primo ad aggiungerne!!

MARC

LEADER 00000nas2a2200000 4500
001 0277039
005 20210709094821.6
022 |a 1733-9707 
041 0 |a eng 
044 |a PL 
245 1 0 |a Mathematical economics 
264 1 |a Wroclaw  |b Department of Mathematics of Wroclaw University of Economics  |c 2016 
773 0 |w eu_un_cat*0090375 
610 2 0 |a školy vysoké 
610 2 0 |a ekonómia matematická 
610 2 0 |a veda ekonomická